000 00901cam a22002531 4500
001 ne 63000686
003 DLC
005 20260227111743.0
008 900503s1962 ua a 000 0 ara c
010 _ane 63000686
025 _aPL480:UAR-23
035 _a(OCoLC)21475494
040 _aPrinceton Univ. Libr.
_cWaU
_dWaU
_dDLC
042 _apremarc
050 0 0 _aDS154.54
_b.T3
100 0 _aTalal,
_cKing of Jordan,
_d1909-
245 1 0 _aMudhakkirāt al-Malik Ṭalāl.
260 _a[al-Qāhirah]
_bMuʼassasat Rūz al-Yūsuf
_c[1962]
300 _a229 p.
_billus.
_c21 cm.
490 0 _aKitāb al-dhahabī,
_v95
500 _aAt head of title: Mamdūḥ Riḍā.
500 _a"Akhtār al-Malik Ṭalāl al-muqaddim Ṣubḥī Ṭūqān Balīkūn marāfaqahu wa-sikritīruhu al-khāṣṣ... [wa-]ṭalaba ilayhi...an yusāʻidahu fī kitābat madhakkirātih"
600 1 0 _aRidā, Mamdūḥ.
999 _c45747
_d45747